[Event "World Youth & Cadets Rapid Championships"]
[Site "Rhodes, Greece"]
[Date "2022.05.01"]
[Round "1.13"]
[White "Kyriakidis, Orestis"]
[Black "Kuru, Atilla"]
[Result "0-1"]
[TimeControl "10'/game & 5\"/move"]
[WhiteElo "1399"]
[BlackElo "2023"]

1. d4 {[%clk 00:10:08]} {[%emt 00:00:02]} Nf6 {[%emt 00:00:04]} 2. Nf3 {[%clk
00:10:11]} d5 {[%clk 00:10:12]} {[%emt 00:00:02]} 3. g3 {[%clk 00:10:14]}
{[%emt 00:00:01]} c5 {[%clk 00:10:11]} {[%emt 00:00:06]} 4. Bg2 {[%clk
00:10:17]} {[%emt 00:00:01]} cxd4 {[%clk 00:10:14]} {[%emt 00:00:03]} 5. O-O
{[%clk 00:10:15]} {[%emt 00:00:07]} Nc6 {[%clk 00:10:17]} {[%emt 00:00:02]} 6.
Nxd4 {[%clk 00:10:06]} {[%emt 00:00:13]} e5 {[%clk 00:10:21]} {[%emt 00:00:02]}
7. Nxc6 {[%clk 00:10:05]} {[%emt 00:00:07]} bxc6 {[%clk 00:10:24]} {[%emt
00:00:02]} 8. b3 {[%clk 00:09:49]} {[%emt 00:00:20]} Bd6 {[%clk 00:10:22]}
{[%emt 00:00:06]} 9. Bb2 {[%clk 00:09:45]} {[%emt 00:00:09]} O-O {[%clk
00:10:25]} {[%emt 00:00:03]} 10. c4 {[%clk 00:09:36]} {[%emt 00:00:13]} Be6
{[%clk 00:10:26]} {[%emt 00:00:05]} 11. cxd5 {[%clk 00:09:13]} {[%emt
00:00:28]} cxd5 {[%clk 00:10:21]} {[%emt 00:00:10]} 12. Nc3 {[%clk 00:08:42]}
{[%emt 00:00:35]} Qa5 {[%clk 00:10:16]} {[%emt 00:00:11]} 13. a3 {[%clk
00:08:00]} {[%emt 00:00:47]} Rad8 {[%clk 00:08:41]} {[%emt 00:01:40]} 14. b4
{[%clk 00:07:12]} {[%emt 00:00:53]} Qb6 {[%clk 00:08:44]} {[%emt 00:00:02]} 15.
e3 {[%clk 00:06:56]} {[%emt 00:00:21]} a5 {[%clk 00:07:56]} {[%emt 00:00:53]}
16. b5 {[%clk 00:06:20]} {[%emt 00:00:41]} d4 {[%clk 00:07:46]} {[%emt
00:00:15]} 17. exd4 {[%clk 00:06:24]} exd4 {[%clk 00:07:49]} {[%emt 00:00:02]}
18. Ne2 {[%clk 00:05:41]} {[%emt 00:00:48]} Qxb5 {[%clk 00:07:49]} {[%emt
00:00:06]} 19. Rb1 {[%clk 00:04:56]} {[%emt 00:00:50]} Qd7 {[%clk 00:03:42]}
{[%emt 00:04:12]} 20. Bxd4 {[%clk 00:03:13]} {[%emt 00:01:47]} Bxa3 {[%clk
00:03:23]} {[%emt 00:00:24]} 21. Bxf6 {[%clk 00:03:08]} {[%emt 00:00:10]} Qxd1
{[%clk 00:03:21]} {[%emt 00:00:07]} 22. Rfxd1 {[%clk 00:03:11]} {[%emt
00:00:02]} Rxd1+ {[%clk 00:03:23]} {[%emt 00:00:03]} 23. Rxd1 {[%clk 00:03:15]}
{[%emt 00:00:01]} gxf6 {[%clk 00:03:27]} {[%emt 00:00:02]} 24. Nf4 {[%clk
00:02:40]} {[%emt 00:00:39]} Bb3 {[%clk 00:03:12]} {[%emt 00:00:20]} 25. Rd3
{[%clk 00:02:44]} a4 {[%clk 00:03:16]} {[%emt 00:00:02]} 26. Bd5 {[%clk
00:02:42]} {[%emt 00:00:06]} Rb8 {[%clk 00:03:18]} {[%emt 00:00:02]} 27. Nh5
{[%clk 00:02:12]} {[%emt 00:00:36]} Bb2 {[%clk 00:03:00]} {[%emt 00:00:23]} 28.
Bxb3 {[%clk 00:00:35]} {[%emt 00:01:41]} axb3 {[%clk 00:03:04]} {[%emt
00:00:01]} 29. Rd1 {[%clk 00:00:39]} {[%emt 00:00:01]} Bd4 {[%clk 00:03:04]}
{[%emt 00:00:05]} 30. Rxd4 {[%clk 00:00:37]} {[%emt 00:00:08]} b2 {[%clk
00:03:09]} 31. Rd1 {[%clk 00:00:37]} {[%emt 00:00:05]} b1=Q {[%clk 00:03:12]}
{[%emt 00:00:03]} 32. Rxb1 {[%clk 00:00:28]} {[%emt 00:00:14]} Rxb1+ {[%clk
00:03:15]} {[%emt 00:00:01]} 33. Kg2 {[%clk 00:00:32]} f5 {[%clk 00:03:12]}
{[%emt 00:00:08]} 34. Kf3 {[%clk 00:00:26]} {[%emt 00:00:11]} Rb4 {[%clk
00:03:15]} {[%emt 00:00:02]} 35. h3 {[%clk 00:00:24]} {[%emt 00:00:08]} h6
{[%clk 00:03:15]} {[%emt 00:00:05]} 36. Nf6+ {[%clk 00:00:26]} {[%emt
00:00:03]} Kg7 {[%clk 00:03:17]} {[%emt 00:00:02]} 37. Nd5 {[%clk 00:00:30]}
{[%emt 00:00:02]} Rd4 {[%clk 00:03:15]} {[%emt 00:00:07]} 38. Ne3 {[%clk
00:00:33]} {[%emt 00:00:02]} Kf6 {[%clk 00:03:16]} {[%emt 00:00:04]} 39. g4
{[%clk 00:00:35]} {[%emt 00:00:03]} fxg4+ {[%clk 00:03:15]} {[%emt 00:00:06]}
40. hxg4 {[%clk 00:00:36]} {[%emt 00:00:04]} Kg5 {[%clk 00:03:18]} {[%emt
00:00:03]} 41. Kg3 {[%clk 00:00:35]} {[%emt 00:00:05]} Re4 {[%clk 00:03:02]}
{[%emt 00:00:20]} 42. Kf3 {[%clk 00:00:36]} {[%emt 00:00:05]} Rf4+ {[%clk
00:02:57]} {[%emt 00:00:10]} 43. Kg3 {[%clk 00:00:39]} {[%emt 00:00:01]} Rb4
{[%clk 00:02:58]} {[%emt 00:00:04]} 44. f3 {[%clk 00:00:43]} {[%emt 00:00:02]}
Rb3 {[%clk 00:02:57]} {[%emt 00:00:06]} 45. Nf5 {[%clk 00:00:42]} {[%emt
00:00:05]} h5 {[%clk 00:03:01]} {[%emt 00:00:02]} 46. Nd6 {[%clk 00:00:20]}
{[%emt 00:00:28]} h4+ {[%clk 00:02:40]} {[%emt 00:00:25]} 47. Kg2 {[%clk
00:00:22]} {[%emt 00:00:02]} Rb2+ {[%clk 00:02:34]} {[%emt 00:00:11]} 48. Kh3
{[%clk 00:00:22]} {[%emt 00:00:06]} Kf4 {[%clk 00:02:38]} {[%emt 00:00:01]} 49.
Nxf7 {[%clk 00:00:21]} {[%emt 00:00:07]} Rf2 {[%clk 00:02:37]} {[%emt
00:00:06]} 50. Nh6 {[%clk 00:00:17]} {[%emt 00:00:08]} Rxf3+ {[%clk 00:02:32]}
{[%emt 00:00:10]} 51. Kg2 {[%clk 00:00:22]} Ra3 {[%clk 00:02:32]} {[%emt
00:00:06]} 52. Kh2 {[%clk 00:00:12]} {[%emt 00:00:14]} Kg5 {[%clk 00:02:32]}
{[%emt 00:00:04]} 53. Nf7+ {[%clk 00:00:12]} {[%emt 00:00:06]} Kxg4 {[%clk
00:02:33]} {[%emt 00:00:04]} 54. Ne5+ {[%clk 00:00:16]} Kf5 {[%clk 00:02:33]}
{[%emt 00:00:05]} 55. Nc4 {[%clk 00:00:20]} {[%emt 00:00:02]} Rc3 {[%clk
00:02:35]} {[%emt 00:00:03]} 56. Nd6+ {[%clk 00:00:21]} {[%emt 00:00:04]} Kg4
{[%clk 00:02:38]} {[%emt 00:00:01]} 57. Ne4 {[%clk 00:00:24]} {[%emt 00:00:03]}
Rc2+ {[%clk 00:02:42]} {[%emt 00:00:01]} 58. Kg1 {[%clk 00:00:27]} {[%emt
00:00:02]} Kf4 {[%clk 00:02:35]} {[%emt 00:00:08]} 59. Nf2 {[%clk 00:00:30]}
{[%emt 00:00:05]} Kf3 {[%clk 00:02:38]} {[%emt 00:00:03]} 60. Nd3 {[%clk
00:00:29]} {[%emt 00:00:06]} Re2 {[%clk 00:02:41]} {[%emt 00:00:01]} 61. Kf1
{[%clk 00:00:28]} {[%emt 00:00:06]} h3 {[%clk 00:02:45]} {[%emt 00:00:02]} 62.
Kg1 {[%clk 00:00:29]} {[%emt 00:00:04]} Kg3 {[%clk 00:02:46]} {[%emt 00:00:02]}
63. Nc5 {[%clk 00:00:30]} {[%emt 00:00:06]} Re1# {[%clk 00:02:49]} {[%emt
00:00:02]} 0-1

[Event "World Youth & Cadets Rapid Championships"]
[Site "Rhodes, Greece"]
[Date "2022.05.01"]
[Round "1.14"]
[White "Begmuratov, Khumoyun"]
[Black "Jeronovics, Toms"]
[Result "1-0"]
[TimeControl "10'/game & 5\"/move"]
[WhiteElo "1977"]
[BlackElo "1394"]

1. e4 {[%clk 00:10:08]} {[%emt 00:00:01]} e5 {[%clk 00:10:09]} {[%emt
00:00:02]} 2. Nf3 {[%clk 00:10:11]} {[%emt 00:00:02]} Nc6 {[%clk 00:10:12]} 3.
Bb5 {[%clk 00:10:14]} {[%emt 00:00:04]} Nf6 {[%clk 00:10:12]} 4. d3 {[%clk
00:09:33]} {[%emt 00:00:51]} d6 {[%clk 00:09:45]} 5. O-O {[%clk 00:09:33]}
{[%emt 00:00:36]} Bg4 {[%clk 00:09:22]} 6. c3 {[%clk 00:09:23]} {[%emt
00:00:44]} Be7 {[%clk 00:09:05]} 7. h3 {[%clk 00:09:13]} {[%emt 00:00:36]} Bd7
{[%clk 00:08:12]} 8. Nbd2 {[%clk 00:09:11]} {[%emt 00:01:06]} h6 {[%clk
00:07:49]} 9. Re1 {[%clk 00:08:48]} {[%emt 00:00:55]} g5 {[%clk 00:07:28]} 10.
d4 {[%clk 00:07:52]} {[%emt 00:01:28]} exd4 {[%clk 00:06:02]} 11. cxd4 {[%clk
00:07:45]} {[%emt 00:01:43]} g4 {[%clk 00:05:20]} 12. hxg4 {[%clk 00:06:53]}
{[%emt 00:01:43]} Nxg4 {[%clk 00:04:26]} 13. e5 {[%clk 00:06:17]} {[%emt
00:01:40]} dxe5 {[%clk 00:03:57]} 14. dxe5 {[%clk 00:06:20]} {[%emt 00:00:37]}
Rg8 {[%clk 00:03:35]} 15. Qc2 {[%clk 00:05:12]} {[%emt 00:01:40]} Bh4 {[%clk
00:02:46]} 16. Ne4 {[%clk 00:04:37]} {[%emt 00:01:33]} Kf8 {[%clk 00:00:32]} 17.
g3 {[%clk 00:03:46]} {[%emt 00:03:16]} Be7 {[%clk 00:00:17]} 18. Nc5 {[%clk
00:03:11]} {[%emt 00:01:00]} Bxc5 {[%clk 00:00:13]} 19. Qxc5+ {[%clk 00:03:14]}
{[%emt 00:00:11]} Qe7 {[%clk 00:00:16]} 20. Qxe7+ {[%clk 00:02:27]} {[%emt
00:00:54]} 1-0

[Event "World Youth & Cadets Rapid Championships"]
[Site "Rhodes, Greece"]
[Date "2022.05.01"]
[Round "1.15"]
[White "Celik, Ali Alper"]
[Black "Karvatskyi, Oleksii"]
[Result "0-1"]
[TimeControl "10'/game & 5\"/move"]
[WhiteElo "1371"]
[BlackElo "1919"]

1. d4 {[%clk 00:10:05]} {[%emt 00:00:04]} Nf6 {[%clk 00:10:08]} {[%emt
00:00:02]} 2. c4 {[%clk 00:10:09]} {[%emt 00:00:02]} g6 {[%clk 00:10:11]}
{[%emt 00:00:01]} 3. Nc3 {[%clk 00:10:12]} {[%emt 00:00:03]} d5 {[%clk
00:10:10]} {[%emt 00:00:05]} 4. Nf3 {[%clk 00:10:15]} {[%emt 00:00:02]} Bg7
{[%clk 00:10:10]} {[%emt 00:00:04]} 5. Qb3 {[%clk 00:10:19]} {[%emt 00:00:02]}
c6 {[%clk 00:09:32]} {[%emt 00:00:43]} 6. cxd5 {[%clk 00:10:17]} {[%emt
00:00:06]} cxd5 {[%clk 00:09:36]} {[%emt 00:00:02]} 7. Bg5 {[%clk 00:10:16]}
{[%emt 00:00:06]} e6 {[%clk 00:09:10]} {[%emt 00:00:32]} 8. e3 {[%emt
00:00:08]} O-O {[%clk 00:09:06]} {[%emt 00:00:01]} 9. Bd3 {[%clk 00:10:21]}
{[%emt 00:00:04]} Nc6 {[%clk 00:09:06]} {[%emt 00:00:06]} 10. h4 {[%clk
00:10:20]} {[%emt 00:00:06]} h6 {[%clk 00:09:01]} {[%emt 00:00:09]} 11. Bf4
{[%clk 00:10:22]} {[%emt 00:00:03]} Re8 {[%clk 00:08:10]} {[%emt 00:00:56]} 12.
Rg1 {[%clk 00:09:45]} {[%emt 00:00:42]} Nh5 {[%clk 00:07:37]} {[%emt 00:00:38]}
13. Bh2 {[%clk 00:09:39]} {[%emt 00:00:11]} e5 {[%clk 00:05:20]} {[%emt
00:02:22]} 14. dxe5 {[%clk 00:09:30]} {[%emt 00:00:15]} Nxe5 {[%clk 00:05:15]}
{[%emt 00:00:10]} 15. Bxe5 {[%clk 00:09:10]} {[%emt 00:00:24]} Bxe5 {[%clk
00:05:16]} {[%emt 00:00:05]} 16. g4 {[%clk 00:09:06]} {[%emt 00:00:08]} Nf4
{[%clk 00:05:20]} {[%emt 00:00:02]} 17. exf4 {[%clk 00:07:54]} {[%emt
00:01:17]} Bxc3+ {[%clk 00:05:17]} {[%emt 00:00:08]} 18. Kf1 {[%clk 00:07:58]}
{[%emt 00:00:01]} Bg7 {[%clk 00:05:14]} {[%emt 00:00:07]} 19. h5 {[%clk
00:07:49]} {[%emt 00:00:14]} gxh5 {[%clk 00:05:07]} {[%emt 00:00:12]} 20. gxh5
{[%clk 00:07:28]} {[%emt 00:00:27]} Bh3+ {[%clk 00:05:10]} 21. Rg2 {[%clk
00:07:22]} {[%emt 00:00:10]} Qd7 {[%clk 00:03:55]} {[%emt 00:01:21]} 22. Ne5
{[%clk 00:06:33]} {[%emt 00:00:54]} Bxg2+ {[%clk 00:03:48]} {[%emt 00:00:12]}
23. Kxg2 {[%clk 00:06:37]} {[%emt 00:00:01]} Bxe5 {[%clk 00:03:51]} {[%emt
00:00:03]} 24. fxe5 {[%clk 00:06:41]} Rxe5 {[%clk 00:03:52]} {[%emt 00:00:04]}
25. Rg1 {[%clk 00:06:14]} {[%emt 00:00:31]} Qg4+ {[%clk 00:03:25]} {[%emt
00:00:33]} 26. Kf1 {[%clk 00:06:10]} {[%emt 00:00:09]} Re1+ {[%clk 00:03:29]}
{[%emt 00:00:01]} 27. Kxe1 {[%clk 00:06:01]} {[%emt 00:00:14]} Qxg1+ {[%clk
00:03:33]} {[%emt 00:00:01]} 28. Ke2 {[%clk 00:05:13]} {[%emt 00:00:53]} Qg4+
{[%clk 00:02:37]} {[%emt 00:01:01]} 29. Kd2 {[%clk 00:05:06]} {[%emt 00:00:11]}
Qf4+ {[%clk 00:01:59]} {[%emt 00:00:43]} 30. Ke2 {[%clk 00:04:55]} {[%emt
00:00:17]} Re8+ {[%clk 00:01:59]} {[%emt 00:00:05]} 31. Kf1 {[%clk 00:04:59]}
{[%emt 00:00:01]} Qc1+ {[%clk 00:02:00]} {[%emt 00:00:04]} 32. Kg2 {[%clk
00:05:01]} {[%emt 00:00:03]} Qg5+ {[%clk 00:02:03]} {[%emt 00:00:02]} 33. Kf1
{[%clk 00:05:05]} Qxh5 {[%clk 00:02:06]} {[%emt 00:00:02]} 34. Kg2 {[%clk
00:04:29]} {[%emt 00:00:41]} Qg4+ {[%clk 00:02:02]} {[%emt 00:00:08]} 35. Kh2
{[%clk 00:04:27]} {[%emt 00:00:08]} Re5 {[%clk 00:01:16]} {[%emt 00:00:52]} 36.
Bf1 {[%clk 00:04:24]} {[%emt 00:00:08]} Qh4+ {[%clk 00:00:50]} {[%emt
00:00:30]} 37. Kg1 {[%clk 00:04:25]} {[%emt 00:00:04]} Rg5+ {[%clk 00:00:52]}
{[%emt 00:00:03]} 38. Bg2 {[%clk 00:04:29]} Qg4 {[%clk 00:00:54]} {[%emt
00:00:03]} 0-1

[Event "World Youth & Cadets Rapid Championships"]
[Site "Rhodes, Greece"]
[Date "2022.05.01"]
[Round "1.16"]
[White "Mamedov, Edgar"]
[Black "Zhauynbay, Aldiyar"]
[Result "1-0"]
[TimeControl "10'/game & 5\"/move"]
[WhiteElo "1854"]
[BlackElo "1358"]

1. d4 {[%clk 00:10:09]} Nf6 {[%clk 00:10:08]} {[%emt 00:00:03]} 2. c4 {[%clk
00:10:12]} {[%emt 00:00:01]} g6 {[%clk 00:10:12]} 3. Nc3 {[%clk 00:10:15]}
{[%emt 00:00:03]} Bg7 {[%clk 00:10:16]} {[%emt 00:00:01]} 4. e4 {[%clk
00:10:18]} {[%emt 00:00:02]} d6 {[%clk 00:10:20]} {[%emt 00:00:01]} 5. h3
{[%clk 00:10:19]} {[%emt 00:00:04]} O-O {[%clk 00:10:19]} {[%emt 00:00:05]} 6.
Be3 {[%clk 00:10:23]} {[%emt 00:00:02]} e5 {[%clk 00:10:20]} {[%emt 00:00:04]}
7. d5 {[%clk 00:09:59]} {[%emt 00:00:29]} Nbd7 {[%clk 00:10:15]} {[%emt
00:00:09]} 8. Nf3 {[%clk 00:09:44]} {[%emt 00:00:21]} Nc5 {[%clk 00:10:14]}
{[%emt 00:00:06]} 9. Nd2 {[%clk 00:09:47]} {[%emt 00:00:02]} a5 {[%clk
00:10:14]} {[%emt 00:00:04]} 10. g4 {[%clk 00:09:30]} {[%emt 00:00:22]} Nfd7
{[%clk 00:10:08]} {[%emt 00:00:11]} 11. Be2 {[%clk 00:09:14]} {[%emt 00:00:22]}
b6 {[%clk 00:10:09]} {[%emt 00:00:04]} 12. h4 {[%clk 00:08:33]} {[%emt
00:00:46]} h6 {[%clk 00:09:37]} {[%emt 00:00:36]} 13. Qc2 {[%clk 00:07:59]}
{[%emt 00:00:39]} Bb7 {[%clk 00:09:26]} {[%emt 00:00:15]} 14. h5 {[%clk
00:07:04]} {[%emt 00:01:01]} g5 {[%clk 00:09:26]} {[%emt 00:00:05]} 15. f3
{[%clk 00:06:47]} {[%emt 00:00:23]} a4 {[%clk 00:09:14]} {[%emt 00:00:17]} 16.
Kf2 {[%clk 00:06:44]} {[%emt 00:00:08]} Qe8 {[%clk 00:08:52]} {[%emt 00:00:25]}
17. Nb5 {[%clk 00:06:15]} {[%emt 00:00:36]} Qd8 {[%clk 00:08:45]} {[%emt
00:00:11]} 18. b4 {[%clk 00:06:05]} {[%emt 00:00:16]} axb3 {[%clk 00:08:37]}
{[%emt 00:00:13]} 19. axb3 {[%clk 00:06:08]} {[%emt 00:00:02]} Ba6 {[%clk
00:08:29]} {[%emt 00:00:13]} 20. b4 {[%clk 00:05:43]} {[%emt 00:00:30]} Nb7
{[%clk 00:07:40]} {[%emt 00:00:54]} 21. Ra2 {[%clk 00:05:30]} {[%emt 00:00:18]}
Bxb5 {[%clk 00:07:27]} {[%emt 00:00:18]} 22. cxb5 {[%clk 00:05:07]} {[%emt
00:00:28]} Rxa2 {[%clk 00:07:25]} {[%emt 00:00:06]} 23. Qxa2 {[%clk 00:05:10]}
{[%emt 00:00:03]} Qa8 {[%clk 00:07:08]} {[%emt 00:00:21]} 24. Qb2 {[%clk
00:04:02]} {[%emt 00:01:14]} Qb8 {[%clk 00:06:50]} {[%emt 00:00:22]} 25. Ra1
{[%clk 00:03:56]} {[%emt 00:00:12]} Rc8 {[%clk 00:06:36]} {[%emt 00:00:18]} 26.
Nf1 {[%clk 00:03:22]} {[%emt 00:00:40]} Kf8 {[%clk 00:06:11]} {[%emt 00:00:29]}
27. Ng3 {[%clk 00:03:20]} {[%emt 00:00:07]} Ke8 {[%clk 00:06:14]} {[%emt
00:00:03]} 28. Nf5 {[%clk 00:03:20]} {[%emt 00:00:04]} Bf8 {[%clk 00:06:17]}
{[%emt 00:00:02]} 29. Bxg5 {[%clk 00:01:44]} {[%emt 00:01:42]} hxg5 {[%clk
00:06:12]} {[%emt 00:00:10]} 30. Qc1 {[%clk 00:01:48]} {[%emt 00:00:01]} f6
{[%clk 00:03:13]} {[%emt 00:03:04]} 31. h6 {[%clk 00:01:49]} {[%emt 00:00:04]}
Bxh6 {[%clk 00:03:02]} {[%emt 00:00:15]} 32. Nxh6 {[%clk 00:01:50]} {[%emt
00:00:05]} Ke7 {[%emt 00:00:46]} 33. Qh1 {[%clk 00:01:11]} Rh8 {[%clk
00:03:01]} {[%emt 00:00:09]} 34. Qh5 {[%clk 00:01:09]} {[%emt 00:00:07]} Qe8
{[%clk 00:01:53]} {[%emt 00:01:13]} 35. Nf5+ {[%clk 00:01:12]} {[%emt
00:00:02]} Kd8 {[%clk 00:01:34]} {[%emt 00:00:23]} 36. Ra8+ {[%clk 00:01:15]}
{[%emt 00:00:02]} Nb8 {[%clk 00:01:31]} {[%emt 00:00:08]} 37. Rxb8+ {[%clk
00:01:16]} {[%emt 00:00:04]} Kd7 {[%clk 00:01:30]} {[%emt 00:00:06]} 38. Rxe8
{[%clk 00:01:15]} {[%emt 00:00:06]} Rxh5 {[%clk 00:01:22]} {[%emt 00:00:13]} 39.
Re7+ {[%clk 00:01:18]} {[%emt 00:00:02]} Kd8 {[%clk 00:01:20]} {[%emt
00:00:08]} 40. gxh5 {[%clk 00:01:22]} {[%emt 00:00:01]} Nc5 {[%clk 00:01:17]}
{[%emt 00:00:08]} 41. h6 {[%clk 00:01:19]} {[%emt 00:00:08]} 1-0

[Event "World Youth & Cadets Rapid Championships"]
[Site "Rhodes, Greece"]
[Date "2022.05.01"]
[Round "1.17"]
[White "Marinidis, Stavros"]
[Black "Shevchenko, Yaroslav"]
[Result "1-0"]
[TimeControl "10'/game & 5\"/move"]
[WhiteElo "1333"]
[BlackElo "1827"]

1. e4 {[%clk 00:10:09]} c5 {[%clk 00:10:09]} {[%emt 00:00:02]} 2. Nf3 {[%clk
00:10:13]} {[%emt 00:00:01]} e6 {[%clk 00:10:12]} {[%emt 00:00:01]} 3. c3
{[%clk 00:10:16]} {[%emt 00:00:02]} d5 {[%clk 00:10:16]} {[%emt 00:00:02]} 4.
exd5 {[%clk 00:10:19]} {[%emt 00:00:01]} Qxd5 {[%clk 00:10:19]} {[%emt
00:00:02]} 5. d4 {[%clk 00:10:23]} {[%emt 00:00:01]} Nf6 {[%clk 00:10:21]}
{[%emt 00:00:03]} 6. Be3 {[%clk 00:10:20]} {[%emt 00:00:08]} cxd4 {[%clk
00:10:23]} {[%emt 00:00:03]} 7. Nxd4 {[%clk 00:10:08]} {[%emt 00:00:17]} a6
{[%clk 00:10:03]} {[%emt 00:00:26]} 8. Nd2 {[%clk 00:10:06]} {[%emt 00:00:06]}
Be7 {[%clk 00:10:03]} {[%emt 00:00:05]} 9. Qf3 {[%clk 00:09:49]} {[%emt
00:00:22]} O-O {[%clk 00:09:55]} {[%emt 00:00:13]} 10. Bd3 {[%clk 00:09:35]}
{[%emt 00:00:19]} e5 {[%clk 00:09:43]} {[%emt 00:00:17]} 11. Qxd5 {[%clk
00:09:29]} {[%emt 00:00:12]} Nxd5 {[%clk 00:09:45]} {[%emt 00:00:03]} 12. Nc2
{[%clk 00:09:16]} {[%emt 00:00:17]} Rd8 {[%clk 00:09:12]} {[%emt 00:00:38]} 13.
Be2 {[%clk 00:08:59]} {[%emt 00:00:22]} Bf5 {[%clk 00:09:08]} {[%emt 00:00:09]}
14. O-O-O {[%clk 00:08:36]} {[%emt 00:00:28]} Nc6 {[%clk 00:08:38]} {[%emt
00:00:35]} 15. Bf3 {[%clk 00:08:12]} {[%emt 00:00:29]} Bxc2 {[%clk 00:08:18]}
{[%emt 00:00:26]} 16. Kxc2 {[%clk 00:08:08]} {[%emt 00:00:09]} Nxe3+ {[%clk
00:08:13]} {[%emt 00:00:10]} 17. fxe3 {[%clk 00:08:11]} {[%emt 00:00:02]} Bg5
{[%clk 00:07:51]} {[%emt 00:00:26]} 18. Nc4 {[%clk 00:07:39]} {[%emt 00:00:37]}
f6 {[%clk 00:06:43]} {[%emt 00:01:14]} 19. Bd5+ {[%clk 00:07:01]} {[%emt
00:00:42]} Kf8 {[%clk 00:06:41]} {[%emt 00:00:06]} 20. e4 {[%clk 00:06:43]}
{[%emt 00:00:24]} Rac8 {[%clk 00:06:09]} {[%emt 00:00:38]} 21. Kb1 {[%clk
00:05:58]} {[%emt 00:00:50]} b5 {[%clk 00:05:32]} {[%emt 00:00:41]} 22. Nb6
{[%clk 00:05:30]} {[%emt 00:00:34]} Rc7 {[%clk 00:05:33]} {[%emt 00:00:04]} 23.
Bxc6 {[%clk 00:05:22]} {[%emt 00:00:12]} Rxd1+ {[%clk 00:05:35]} {[%emt
00:00:03]} 24. Rxd1 {[%clk 00:05:25]} {[%emt 00:00:02]} Rxc6 {[%clk 00:05:39]}
{[%emt 00:00:02]} 25. Nd5 {[%clk 00:05:21]} {[%emt 00:00:09]} Rc4 {[%clk
00:05:18]} {[%emt 00:00:25]} 26. Re1 {[%clk 00:05:20]} {[%emt 00:00:06]} a5
{[%clk 00:05:08]} {[%emt 00:00:16]} 27. b3 {[%clk 00:05:20]} {[%emt 00:00:04]}
Rc5 {[%clk 00:04:57]} {[%emt 00:00:16]} 28. Rd1 {[%clk 00:05:17]} {[%emt
00:00:08]} g6 {[%clk 00:04:45]} {[%emt 00:00:18]} 29. g4 {[%clk 00:05:15]}
{[%emt 00:00:05]} Kf7 {[%clk 00:04:36]} {[%emt 00:00:15]} 30. Kb2 {[%clk
00:04:35]} {[%emt 00:00:46]} Ke6 {[%clk 00:04:34]} {[%emt 00:00:06]} 31. h3
{[%clk 00:04:32]} {[%emt 00:00:08]} f5 {[%clk 00:04:28]} {[%emt 00:00:11]} 32.
exf5+ {[%clk 00:04:13]} {[%emt 00:00:24]} gxf5 {[%clk 00:04:32]} {[%emt
00:00:02]} 33. gxf5+ {[%clk 00:04:14]} {[%emt 00:00:04]} Kxf5 {[%clk 00:04:35]}
{[%emt 00:00:02]} 34. Nb6 {[%clk 00:03:47]} {[%emt 00:00:31]} e4 {[%clk
00:04:09]} {[%emt 00:00:32]} 35. Nd7 {[%clk 00:03:41]} {[%emt 00:00:11]} Rc7
{[%clk 00:04:03]} {[%emt 00:00:11]} 36. Rf1+ {[%clk 00:03:26]} {[%emt
00:00:20]} Ke6 {[%clk 00:03:57]} {[%emt 00:00:10]} 37. Nb6 {[%clk 00:02:42]}
{[%emt 00:00:49]} Bf6 {[%clk 00:03:44]} {[%emt 00:00:18]} 38. Rxf6+ {[%clk
00:02:41]} {[%emt 00:00:06]} Kxf6 {[%clk 00:03:44]} {[%emt 00:00:06]} 39. Nd5+
{[%clk 00:02:45]} {[%emt 00:00:01]} Ke5 {[%clk 00:03:48]} {[%emt 00:00:01]} 40.
Nxc7 {[%clk 00:02:48]} {[%emt 00:00:02]} e3 {[%clk 00:03:39]} {[%emt 00:00:14]}
41. Kc2 {[%clk 00:02:49]} {[%emt 00:00:04]} Ke4 {[%clk 00:03:43]} 42. Kd1
{[%clk 00:02:51]} {[%emt 00:00:03]} Kd3 {[%clk 00:03:35]} {[%emt 00:00:12]} 43.
Nxb5 {[%clk 00:02:50]} {[%emt 00:00:06]} a4 {[%clk 00:03:34]} {[%emt 00:00:07]}
44. bxa4 {[%clk 00:02:53]} {[%emt 00:00:02]} Kc4 {[%clk 00:03:26]} {[%emt
00:00:13]} 45. Ke2 {[%clk 00:02:50]} {[%emt 00:00:08]} Kc5 {[%clk 00:03:28]}
{[%emt 00:00:03]} 46. Kxe3 {[%clk 00:02:53]} {[%emt 00:00:02]} Kb6 {[%clk
00:03:30]} {[%emt 00:00:02]} 47. Kd4 {[%clk 00:02:54]} {[%emt 00:00:04]} Ka5
{[%clk 00:03:34]} {[%emt 00:00:01]} 48. c4 {[%clk 00:02:56]} {[%emt 00:00:03]}
Kxa4 {[%clk 00:03:38]} {[%emt 00:00:02]} 49. Kd5 {[%clk 00:02:59]} {[%emt
00:00:02]} Ka5 {[%clk 00:03:41]} {[%emt 00:00:02]} 50. Nd6 {[%clk 00:03:00]}
{[%emt 00:00:04]} Kb6 {[%clk 00:03:45]} 51. c5+ {[%clk 00:03:03]} {[%emt
00:00:02]} Kc7 {[%clk 00:03:48]} {[%emt 00:00:02]} 1-0